000 00650nam a22002177a 4500
005 20170124110024.0
010 _a696455
020 _c60.00
035 _a696455
037 _bCen Lib/Ret
040 _aDPL
_bEN
082 _a572.954
_bOPP
100 _aOppert, Gustav
_920242
245 _aOn the original inhabitants of bharatavarsa of India /
_cby Gustav Oppert
260 _aDelhi
_bOriental Publishers
_c1972
270 _bDelhi
_a1488, Pataudi House Daryaganj
_e110006
300 _axv,711p.
_c20cm(Hb)
650 _aEthnology -- India
_918472
650 _aIndia -- Languages
_920243
942 _2ddc
_cEN
_h572.954
_mOPP
999 _c127351
_d127351